000 00775nam a2200229 a 4500
005 20250115063755.0
008 030516s1995 mx r 000 0 spa d
020 _a8472781518
035 _aUPN01000124264
049 _aI
050 4 _aLB1067.5
_bY8.2
100 1 _aYuste Hernanz, Carlos
_929510
245 1 0 _aAtención selectiva. Percepción y memoria visual :
_bseguimiento 2.4 /
_cCarlos Yuste Hernanz, Narciso García Nieto ; il. Javier Aznar Serrano.
260 _aMadrid :
_bICCE,
_c1995.
300 _a111 p. :
_bil.
440 0 _aRefuerzo y desarrollo de habilidades mentales básicas
650 4 _aAPRENDIZAJE VISUAL
650 2 _aPercepción visual
_9631
650 4 _aMEMORIA VISUAL
700 1 _aGarcía Nieto, Narciso,
_ecoaut.
_931514
905 _aInfantil
999 _c96443
_d96443